000 00708nam a22002417a 4500
999 _c33224
_d33224
001 2286
003 CO-MdFUSB
005 20170830091150.0
008 170830s[ enk||||| |||| 00| 0 eng d
020 _a0-87784-869-6
040 _aCO-MdFUSB
_bspa
_cCO-MdFUSB
_dCO-MdFUSBC
_erda
041 0 _aeng
082 0 4 _aG 223.1 A5443j
100 1 _aAndersen, Francis I. (1925-)
_eautor
245 1 0 _aJob
_b: An introduction and commentary
_c/ Francis I. Andersen
264 1 _aDowners, Grove, ILL., USA :
_b InterVarsity,
_c[ ]
300 _a294 Pag
_b:
_c;
336 _2rdacontent
_a1
_ba1
337 _2rdamedia
_a2
_b5
338 _2rdacarrier
_a2
_b5
653 _aBiblia - Job - Comentarios
942 _cBK